000 02161nam a2200433 c 4500
003 BLK
005 20190226145957.0
008 180408b bul|||||r ||||||| ||bul||
010 _aKNG00098017000
020 _a978-954-320-217-1
_bиздат.: Рива
040 _aBLK
041 _aBUL
_cBUL
072 7 _2bullib
_aН82
_xЛитературознание Н
080 _aРуска литература
_b821.161.1
_x(092)
_z821.161.1(092)
080 _aРуска литература
_b821.161.1
_x-1.09
_z821.161.1-1.09
080 _aРуски поет, емигрант
_b929 Бродски, Йосиф Александрович
_x
_z929 Бродски, Йосиф Александрович
100 1 _aЛосев, Лев Владимирович
_eпърви автор
_9305334
700 1 _aПопова, Надя
_eпрев. от рус.
_9367704
139 _aЛосев, Лев Владимирович
_bБ 82
245 1 0 _aЙосиф Бродски
_cЛев Владимирович Лосев; прев. от рус. Надя Попова.
257 _aRUS
260 София
_bРива
_c2009
_fВ. Търново : Абагар
300 _a375 с., 12 л.
_bил., портр.
_c21 см
380 _a82
490 1 _aЖивотът на бележити личности : Поредица биографии
500 _aОриг. загл. Иосиф Бродский: Опыт литературной биографии / Лев Лосев. - Съдържа и Хронология на по-важните събития в живота и творчеството на Й. А. Бродски. - Библиогр. с. 361-372.
600 1 4 _aБродски, Иосиф Александрович
_9278209
650 4 _aПоети, руски
_9245652
650 4 _aБродски, Йосиф Александрович
_9364498
651 4 _aРусия
_9179465
653 _aруски поети
653 _aЙосиф Бродски
659 _aН
852 _aЦб 249794
856 4 _qpdf
_u
856 4 _qpdf
_u
942 _cKNG
_n0
_01
944 _aCR
_c11.11.2010
_lф /
_kМилена_Ачева
944 _aED
_c15.03.2016
_lф /
_kЛюдмила_Стоянова
999 _c93225
_d93225